British Railway Stations - Statistics

General Stats
  • This quiz has been taken 197 times
  • The average score is 9 of 15
Answer Stats
Hint Answer % Correct
London Kings Cross
80%
London Paddington
77%
London Waterloo
76%
London Euston
75%
Birmingham New Street
72%
London Victoria
70%
London Liverpool Street
62%
London St Pancras
60%
London Bridge
56%
Glasgow Central
55%
Manchester Piccadilly
53%
Leeds
48%
Clapham Junction
47%
London Charing Cross
27%
Stratford
26%
No matching quizzes found
Score Distribution
Percent of People with Each Score
Percentile by Number Answered
Your Score History
You have not taken this quiz